| Registos Bibliográficos associados ao registo de autoridade |
|
Etiqueta de registo: 00000nam 2200025 450 001 2285762 003 http://id.bnportugal.gov.pt/bib/catbnp/2285762 100 ## $a20260505d2025 k y0pory01030103ba 101 0# $apor$deng 102 ## $aPT 105 ## $aa m 000yy 106 ## $ar 200 1# $a O videoclipe e a experiência estética audiovisual$enarrativas de resistência e ativismos em países de língua oficial portuguesa$fAlessandra Nardini$gorient. Moisés Adão de Lemos Martins, Isabel Moreira Macedo, Marcio de Vasconcellos
Serelle 210 #9 $a[S.l.$cs.n.],$d2025 215 ## $aXIV, 432 p.$cil.$d30 cm 328 #1 $aTese dout. Estudos Culturais, Instituto de Ciências Sociais, Universidade do Minho,
2025 675 ## $a316.77(4/8=134.3)(043)$vBN$zpor$31601450 675 ## $a316.344(043)$vBN$zpor$3649694 675 ## $a621.39(043)$vBN$zpor$3297878 700 #1 $aNardini,$bAlessandra$31997685 702 #1 $aMartins,$bMoisés de Lemos,$f1953-$4727$386979 702 #1 $aMacedo,$bIsabel Moreira$4727$31997677 702 #1 $aSerelle,$bMarcio de Vasconcellos$4727$31997687 801 #0 $aPT$bBN$gRPC 966 ## $lBN$mFGMON$sS.C. 169377 V.$x1 971 ## $corlando$d20260505 972 ## $e0$z0$d20260626$vasantos 973 ## $csteixeira$d20260624
Etiqueta de registo: 00000nam 2200025 450 001 2285754 003 http://id.bnportugal.gov.pt/bib/catbnp/2285754 100 ## $a20260505d2025 k y0pory01030103ba 101 0# $apor$deng 102 ## $aPT 105 ## $aa m 000yy 106 ## $ar 200 1# $a A galeria de imagens do Museu Virtual da Lusofonia$eexperiência estética, memória e imaginário$fElaine Cristina Azevedo da Trindade$gorient. Moisés de Lemos Martins, Isabel Moreira Macedo, Maria da Luz Correia 210 #9 $a[S.l.$cs.n.],$d2025 215 ## $a326 p.$cil.$d30 cm 328 #1 $aTese dout. Ciências da Comunicação, Instituto de Ciências Sociais, Universidade do
Minho, 2025 675 ## $a069(4/8=134.3)(043)$vBN$zpor$31961736 675 ## $a004.7(043)$vBN$zpor$3918097 675 ## $a316.77(043)$vBN$zpor$3601801 700 #1 $aTrindade,$bElaine Cristina Azevedo da$31997675 702 #1 $aMartins,$bMoisés de Lemos,$f1953-$4727$386979 702 #1 $aMacedo,$bIsabel Moreira$4727$31997677 702 #1 $94$aCorreia,$bMaria da Luz$4727$31596675 801 #0 $aPT$bBN$gRPC 966 ## $lBN$mFGMON$sP. 72918 V.$x1 971 ## $corlando$d20260505 973 ## $ctrodrigues$d20260608 975 ## $e0$d20260624$viquintas
|
|
|